Alternativní způsoby určování tržní síly

Zmysel a účel definovania relevantného trhu. (Nepriame) hodnotenie existencie dominantného postavenia. Vzťah relevantného trhu a súvisiacich aspektov a tržnej sily. Predstavenie alternatívnych spôsobov merania tržnej sily a ich kritika. Odporúčania pre spresnenie (ne)existujúceho postavenia.

Enregistré dans:
Détails bibliographiques
Auteur principal: Kupčík, Jan
Format: Chapitre de livre
Langue:tchèque
Sujets:
Tags: Ajouter un tag
Pas de tags, Soyez le premier à ajouter un tag!

MARC

LEADER 00000naa a2200000 4500
001 0277803
005 20210812125332.8
041 0 |a cze 
044 |a CZ 
245 1 0 |a Alternativní způsoby určování tržní síly  |c Jan Kupčík 
520 |a Zmysel a účel definovania relevantného trhu. (Nepriame) hodnotenie existencie dominantného postavenia. Vzťah relevantného trhu a súvisiacich aspektov a tržnej sily. Predstavenie alternatívnych spôsobov merania tržnej sily a ich kritika. Odporúčania pre spresnenie (ne)existujúceho postavenia. 
610 2 0 |a sily trhové 
610 2 0 |a trh relevantný 
610 2 0 |a trh elektronický 
610 2 0 |a meranie 
100 1 |a Kupčík, Jan